| 000 | 01160nam a2200313 a 4500 | ||
|---|---|---|---|
| 001 | 000109049 | ||
| 003 | CHAP | ||
| 005 | 20220329144035.0 | ||
| 008 | 140331s2013 mx | |sm |||||||spa|d | ||
| 010 | _a105511 | ||
| 011 | _a106483 | ||
| 040 | _cCHAP | ||
| 090 | _aTesis | ||
| 100 | 1 |
_aEnriquez Sánchez, Antonio _9126109 |
|
| 245 | 1 | 0 |
_aAnálisis del potencial del transporte intermodal en el Estado de México (Terminal Interna Puerta México) _h[En línea] _cpor Antonio Enriquez Sánchez. |
| 260 |
_aChapingo, Méx. : _bEl autor, _c2013. |
||
| 500 | _aPara ver el contenido del material haga clic en la liga | ||
| 502 | _aTesis (Lic. en Comercio Internacional de Productos Agropecuarios) -- UACH. División de Ciencias Económico Administrativas | ||
| 590 |
_aBATCH-UPD _b05 _c20141002 _lUCH01 _h0859 |
||
| 590 |
_aE792CSJ _b05 _c20140331 _lUCH01 _h1411 |
||
| 590 |
_aE792CSJ _b05 _c20140331 _lUCH01 _h1412 |
||
| 650 | 1 | 4 |
_aAduanas. _9971 |
| 650 | 1 | 4 |
_aComercio internacional. _925641 |
| 650 | 1 | 4 |
_aTransportes. _9114645 |
| 856 |
_aFinding aid _uhttp://10.13.5.2/tesis/sist109049.pdf _zTeclea aquí |
||
| 901 | _aBK | ||
| 942 | _cTESIS | ||
| 942 | _n0 | ||
| 999 |
_c105511 _d105511 |
||